José Ingenieros / (Registro nro. 3187)
[ vista simple ]
| 000 -LEADER | |
|---|---|
| fixed length control field | 01260nam a2200217 a 4500 |
| 005 - FECHA ULTIMA MODIFICACION | |
| control field | 20240930113511.0 |
| 008 - CAMPO DE CONTROL (LIBRO) | |
| fixed length control field | t1998||||ag g |||| 001 0 spa d |
| 020 ## - INTERNATIONAL STANDARD BOOK NUMBER | |
| ISBN | 9875070882 |
| 041 ## - CODIGO DE IDIOMA | |
| Código de idioma del texto/pista de sonido o título separado | spa |
| 092 ## - SIGNATURA TOPOGRAFICA DEWEY LOCAL | |
| número de clasificación | 920 |
| libristica | 16 |
| sección | DIA |
| 100 1# - ENTRADA PRINCIPAL--NOMBRE PERSONAL | |
| Nombre personal | Díaz Araujo, Enrique |
| 9 (RLIN) | 3484 |
| 245 ## - TITULO PROPIAMENTE DICHO | |
| Título | José Ingenieros / |
| Mención de responsabilidad y remanente de la transcripción de la portada | Enrique Díaz Araujo |
| 250 ## - MENCION DE EDICION | |
| Mención de edición | 1a ed. |
| 260 ## - PIE DE IMPRENTA | |
| Lugar de publicación, distribución, etc | Buenos Aires: |
| Nombre de la editorial, distribuidor, etc | Ciudad Argentina; |
| Fecha de publicación | 1998. |
| 300 ## - DESCRIPCION FISICA | |
| Extension | 548 p. |
| 500 ## - NOTA GENERAL | |
| Nota general | Díaz Araujo, E. (1998). José Ingenieros. (1a ed.). Buenos Aires : Ciudad Argentina. |
| 505 ## - NOTA DE CONTENIDO | |
| Nota de contenido formateada | Este libro trata de la vida y la obra de un hombre con inquietud cognoscitiva, de talento perspicaz y amplios estudios. De un hombre bien dotado que sirvió a causas, en nuestro entender, esencialmente equivocadas. Nos referimos a José Ingenieros y su circunstancia finisecular. "Yo no quiero ser imparcial ante lectores que no lo son", subrayó Ingenieros en el prólogo a su La evolución de las ideas argentinas. Esa norma cardinal presidió la militancia inflexible de todos su escritos. Nunca buscó, deliberadamente, la conciliación de las actitudes o el justo medio de las ideas. |
| 590 ## - NOTAS LOCALES (RLIN) | |
| Nota local | Proyecto 4to libro. Donación Maria Vitarelli, Diciembre 2017. |
| 655 ## - MATERIA - GENERO/FORMA | |
| Género/Forma | Literatura |
| -- | 2917 |
| 942 ## - ADDED ENTRY ELEMENTS (KOHA) | |
| Source of classification or shelving scheme | Dewey Decimal Classification |
| Item type | Libros |
| Estado de retiro | Existencia | Fuente de clasificación | Estado general | No para prestamo | Ubicación permanente | ubicación actual | Sala de ubicación | Fecha de adquisición | Fuente de adquisición | Total Checkouts | Número de clasificación | Código de barras | Date last seen | Número de ejemplar | Price effective from | Koha tipo de elemento (item) | Public note | Coded location qualifier |
|---|---|---|---|---|---|---|---|---|---|---|---|---|---|---|---|---|---|---|
| Dewey Decimal Classification | Biblioteca Medicina | Biblioteca Medicina | Circulación | 19/04/2024 | Donación Vitarelli, Diciembre 2017 | 920 16 DIA | 4143 | 19/04/2024 | Ej. 1 | 19/04/2024 | Libros | Proyecto 4to libro. Donación Vitarelli, Diciembre 2017 |